Consejos a un recien muerto / (Record no. 23768)

MARC details
000 -LEADER
campo de control de longitud fija 00554nam a2200181 i 4500
001 - NÚMERO DE CONTROL
campo de control 23768
003 - IDENTIFICADOR DE NÚMERO DE CONTROL
campo de control ES-MaACL
005 - FECHA Y HORA DE LA ÚLTIMA TRANSACCIÓN
campo de control 20240512063031.0
007 - CAMPO FIJO DE DESCRIPCIÓN FÍSICA--INFORMACIÓN GENERAL
campo de control de longitud fija t|
008 - DATOS DE LONGITUD FIJA--INFORMACIÓN GENERAL
campo de control de longitud fija 021212s1965 sp ||||1| spa d
100 1# - ENTRADA PRINCIPAL--NOMBRE DE PERSONA
Nombre de persona Amézaga, Elías,
Fechas asociadas al nombre 1921-2008
9 (RLIN) 21216
245 10 - MENCIÓN DEL TÍTULO
Título Consejos a un recien muerto /
Mención de responsabilidad, etc. Elías Amezaga ; con un epílogo de Jorge de Oteiza.
260 ## - PUBLICACIÓN, DISTRIBUCIÓN, ETC.
Lugar de publicación, distribución, etc. [Bilbao :
Nombre del editor, distribuidor, etc. Itxaropena,
Fecha de publicación, distribución, etc. 1965]
300 ## - DESCRIPCIÓN FÍSICA
Extensión 288 p. ;
Dimensiones 24 cm.
700 1# - ENTRADA AGREGADA--NOMBRE PERSONAL
Nombre de persona Oteiza, Jorge de.
9 (RLIN) 87869
852 ## - LOCALIZACIÓN
Ubicación ES-MaACL
Número de control de estantería C-29190
Sublocalización o colección R.59540
Holdings
Estatus retirado Estado de pérdida Estado de daño No para préstamo Biblioteca de origen Biblioteca actual Ubicación en estantería Fecha de adquisición Fuente de adquisición Total de préstamos Signatura topográfica completa Código de barras Visto por última vez Precio de reemplazo Tipo de ítem Koha
        Biblioteca del Ateneo de Madrid Biblioteca del Ateneo de Madrid Depósito 2 17/01/2008     C-29190 1024493 23/02/2023 23/02/2023 Libro impreso